000 00790nas a2200253 4500
001 BR2015006412
003 BR-BrBNA
005 20231205125856.0
007 ta
008 230509b bl.|||p| |||| 00| 00por d
040 _aBR-BrBNA
_bpor
_cBiblioteca Nacional de Agricultura
041 _a(En)
072 _aK10
100 1 _aMartini Neto, N.
100 1 _aBarbedo, C.J.
245 1 _aViability of brazilwood seeds (Caesalpinia echinata Lam.)stored at room temperature in controlled atmospheres
650 _aPAU BRASIL
650 _aSEMENTE
650 _aTEMPERATURA
650 _aARMAZENAMENTO
773 0 _tJournal of Seed Science (Brazil)
_xISSN 2317-1537
_g(Jun 2015), v. 37(2) p. 93-101
_wBR2015006412
909 _a202311
_bLúcia
_c55
_dLúcia Elande
942 _2AGRIS
_n0
_cANA
999 _c246649
_d246649